000 00219nam a2200097Ia 4500
008 190216s9999||||xx |||||||||||||| ||und||
100 _aKuttikrishna Marar
245 0 _aBharatha Paryadanam
260 _bNull
942 _cBK
999 _c25289
_d25289